Pocket Thesaurus of English Words (Newnes)/ (Record no. 61224)
[ view plain ]
| 000 -LEADER | |
|---|---|
| fixed length control field | 00632nam a22001937a 4500 |
| 003 - CONTROL NUMBER IDENTIFIER | |
| control field | NUST-PNEC |
| 005 - DATE AND TIME OF LATEST TRANSACTION | |
| control field | 20170116180717.0 |
| 008 - FIXED-LENGTH DATA ELEMENTS--GENERAL INFORMATION | |
| fixed length control field | 141021b xxu||||| |||| 00| 0 eng d |
| 020 ## - INTERNATIONAL STANDARD BOOK NUMBER | |
| International Standard Book Number | 0600387798 |
| 040 ## - CATALOGING SOURCE | |
| Transcribing agency | PNEC |
| 082 ## - DEWEY DECIMAL CLASSIFICATION NUMBER | |
| Classification number | 423 MAN |
| 100 ## - MAIN ENTRY--PERSONAL NAME | |
| 9 (RLIN) | 739 |
| Personal name | Manser, MH |
| 245 ## - TITLE STATEMENT | |
| Title | Pocket Thesaurus of English Words (Newnes)/ |
| Statement of responsibility, etc. | MH Manser |
| 260 ## - PUBLICATION, DISTRIBUTION, ETC. | |
| Place of publication, distribution, etc. | London : |
| Name of publisher, distributor, etc. | Hamlyn Publishing Group |
| Date of publication, distribution, etc. | 1979. |
| 300 ## - PHYSICAL DESCRIPTION | |
| Extent | 328 p. ; |
| Dimensions | 15 cm. |
| 500 ## - GENERAL NOTE | |
| General note | http://www.amazon.com/Pocket-Thesaurus-English-Martin-Manser/dp/0600387798/ref=sr_1_1?s=books&ie=UTF8&qid=1413891734&sr=1-1&keywords=0600387798 |
| 650 ## - SUBJECT ADDED ENTRY--TOPICAL TERM | |
| General subdivision | General |
| 942 ## - ADDED ENTRY ELEMENTS (KOHA) | |
| Source of classification or shelving scheme | |
| Koha item type | Book |
| Withdrawn status | Lost status | Source of classification or shelving scheme | Damaged status | Not for loan | Permanent Location | Current Location | Shelving location | Date acquired | Source of acquisition | Cost, normal purchase price | Total Checkouts | Full call number | Barcode | Date last seen | Cost, replacement price | Price effective from | Koha item type |
|---|---|---|---|---|---|---|---|---|---|---|---|---|---|---|---|---|---|
| Pakistan Navy Engineering College (PNEC) | Pakistan Navy Engineering College (PNEC) | Reference | 06/25/1986 | Pak American | 4827.00 | 423 MAN | PNECLIB-011523 | 10/21/2014 | 4827.00 | 06/25/1986 | Book |
